[Event "Civil Service Ch 6th"]
[Site "Leeds"]
[Date "1996.??.??"]
[Round "3"]
[White "O'Connor, Clifford M"]
[Black "Pheby, Ian M"]
[Result "0-1"]
[WhiteElo "2000"]
[BlackElo "1950"]
[PlyCount "102"]
[EventDate "1996.04.??"]
[EventType "swiss"]
[EventRounds "5"]
[EventCountry "ENG"]
[SourceTitle "BritBase"]
[Source "John Saunders"]
[SourceDate "2024.12.03"]
[SourceVersion "1"]
[SourceVersionDate "2024.12.03"]
[SourceQuality "1"]

1. e4 e5 2. Nc3 Nf6 3. g3 d5 4. exd5 Nxd5 5. Bg2 c6 6. Qe2 Nxc3 7. Qxe5+ Be7 8. Qxc3 O-O 9. d4 Na6 10. a3 Re8 11. Ne2 Bg4 12. f3 Bf5 13. Be3 Bf6 14. O-O-O Qe7 15. Kd2 Nc7 16. Nf4 Rad8 17. Rhe1 Nb5 18. Qb4 Qxb4+ 19. axb4 Bxd4 20. Bxd4 Nxd4 21. Rxe8+ Rxe8 22. Kc3 Nxc2 23. g4 Ne3 24. Rd2 Nxg2 25. Nxg2 Be6 26. Nf4 Kf8 27. Nxe6+ Rxe6 28. Rd7 Re3+ 29. Kd4 Rxf3 30. Rxb7 Rb3 31. Kc5 Rxb2 32. Rxa7 Rxh2 33. Kxc6 Ke8 34. b5 Rc2+ 35. Kd6 Rd2+ 36. Kc7 Rc2+ 37. Kb6 Rc4 38. g5 Rg4 39. Rc7 Rxg5 40. Kc6 Rg6+ 41. Kc5 Rg5+ 42. Kb6 h5 43. Ka6 Rg1 44. b6 h4 45. Rc5 Rb1 46. Rh5 Ke7 47. Rxh4 g5 48. Rh6 f6 49. b7 Ke6 50. Ka7 Kf5 51. Rh1 $4 Rxh1 (51... Rxh1 {White now realises} 52. b8=Q {is not check and is followed by} Ra1+ 53. Kb7 Rb1+) 0-1

[Event "Civil Service Ch 6th"]
[Site "Leeds"]
[Date "1996.??.??"]
[Round "3"]
[White "Archer, Richard P"]
[Black "Millard, Ian"]
[Result "1-0"]
[WhiteElo "1905"]
[BlackElo "1760"]
[PlyCount "77"]
[EventDate "1996.04.??"]
[EventType "swiss"]
[EventRounds "5"]
[EventCountry "ENG"]
[SourceTitle "BritBase"]
[Source "John Saunders"]
[SourceDate "2024.12.03"]
[SourceVersion "1"]
[SourceVersionDate "2024.12.03"]
[SourceQuality "1"]

1. e4 e6 2. Nf3 d5 3. exd5 exd5 4. d4 Nf6 5. Bd3 Be7 6. O-O Bg4 7. h3 Bh5 8. Nbd2 O-O 9. c3 c5 10. dxc5 Bxc5 11. Qc2 Nc6 12. b4 Bd6 13. b5 Ne5 14. Nxe5 Bxe5 15. f4 Qb6+ 16. Kh1 Bc7 17. a4 Rfe8 18. c4 Be2 19. c5 Qe6 20. Bf5 Qe7 21. Re1 g6 22. Bd3 Bxd3 23. Rxe7 Bxc2 24. Rxc7 Re1+ 25. Kh2 Rae8 26. Nf3 R1e7 27. Rxe7 Rxe7 28. Bb2 Ne4 29. Nd4 Nxc5 30. Nxc2 Re2 31. Re1 Rxe1 32. Nxe1 Nxa4 33. Bd4 b6 34. Nd3 Kf8 35. Nb4 Ke7 36. Nc6+ Ke6 37. Nxa7 Kf5 38. Nc8 Ke4 39. Nxb6 1-0

[Event "Civil Service Ch 6th"]
[Site "Leeds"]
[Date "1996.??.??"]
[Round "4"]
[White "Ashby, Anthony C"]
[Black "Phillips, Owen S"]
[Result "1-0"]
[WhiteElo "2185"]
[BlackElo "1980"]
[PlyCount "79"]
[EventDate "1996.04.??"]
[EventType "swiss"]
[EventRounds "5"]
[EventCountry "ENG"]
[SourceTitle "BritBase"]
[Source "John Saunders"]
[SourceDate "2024.12.03"]
[SourceVersion "1"]
[SourceVersionDate "2024.12.03"]
[SourceQuality "1"]

1. d4 f5 2. c4 e6 3. g3 Nf6 4. Bg2 d5 5. Nf3 c6 6. O-O Bd6 7. b3 Qe7 8. Bb2 O-O 9. Ne5 b6 10. Nd2 Bb7 11. a3 Nbd7 12. Nd3 e5 13. dxe5 Nxe5 14. Nxe5 Bxe5 15. Bxe5 Qxe5 16. cxd5 Nxd5 17. Nc4 Qe6 18. Qc2 Rae8 19. e3 g5 20. Rad1 b5 21. Na5 Ba8 22. Nxc6 Nb6 23. Nd4 Qe5 24. Bxa8 Nxa8 25. Qc6 Nc7 26. Nf3 Qg7 27. Rd7 Re7 28. Rfd1 Ne6 29. Rxe7 Qxe7 30. Rd7 Qf6 31. Rd6 Qa1+ 32. Kg2 g4 33. Rxe6 gxf3+ 34. Qxf3 Qxa3 35. Qd5 Kg7 36. Qe5+ Kg8 37. Re7 Rf7 38. Re8+ Rf8 39. Qe6+ Kg7 40. Re7+ 1-0

[Event "Civil Service Ch 6th"]
[Site "Leeds"]
[Date "1996.??.??"]
[Round "4"]
[White "Maxwell, Alistair"]
[Black "Wolstencroft, Darryl"]
[Result "1/2-1/2"]
[WhiteElo "2050"]
[BlackElo "2130"]
[PlyCount "53"]
[EventDate "1996.04.??"]
[EventType "swiss"]
[EventRounds "5"]
[EventCountry "ENG"]
[SourceTitle "BritBase"]
[Source "John Saunders"]
[SourceDate "2024.12.03"]
[SourceVersion "1"]
[SourceVersionDate "2024.12.03"]
[SourceQuality "1"]

1. d4 f5 2. Nf3 Nf6 3. g3 g6 4. Bg2 Bg7 5. O-O O-O 6. c4 Na6 7. Nc3 c5 8. d5 d6 9. Rb1 Nc7 10. a3 a6 11. b4 Nd7 12. Qc2 b5 13. Ng5 Rb8 14. cxb5 axb5 15. Ne6 Nxe6 16. dxe6 Ne5 17. bxc5 Bxe6 18. Rxb5 Rxb5 19. Nxb5 Bc4 20. a4 dxc5 21. Rd1 Qc8 22. Bb2 Qe6 23. Bxe5 Bxe5 24. Qxc4 Qxc4 25. Bd5+ Qxd5 26. Rxd5 Bd6 27. Nxd6 1/2-1/2

[Event "Civil Service Ch 6th"]
[Site "Leeds"]
[Date "1996.??.??"]
[Round "4"]
[White "Brusey, Alan W"]
[Black "Thurlow, Kevin J"]
[Result "1-0"]
[WhiteElo "1985"]
[BlackElo "2135"]
[PlyCount "121"]
[EventDate "1996.04.??"]
[EventType "swiss"]
[EventRounds "5"]
[EventCountry "ENG"]
[SourceTitle "BritBase"]
[Source "John Saunders"]
[SourceDate "2024.12.03"]
[SourceVersion "1"]
[SourceVersionDate "2024.12.03"]
[SourceQuality "1"]

1. e4 Nc6 2. Nf3 e5 3. Be2 Nf6 4. d4 exd4 5. e5 Ne4 6. O-O Be7 7. Nxd4 Nxe5 8. Nf5 Bf6 9. Qd5 Nd6 10. Nxd6+ cxd6 11. Nc3 O-O 12. Nb5 Qb6 13. Rd1 Qc6 14. Qxc6 dxc6 15. Nxd6 b6 16. f4 Bg4 17. Bxg4 Nxg4 18. h3 Rad8 19. hxg4 Be7 20. Be3 Bxd6 21. Rd3 Be7 22. Rad1 Rxd3 23. Rxd3 Rd8 24. Rxd8+ Bxd8 25. Kf2 Kf8 26. Kf3 Bf6 27. b3 g6 28. Ke4 Ke7 29. g5 Bb2 30. a4 f5+ 31. gxf6+ Kxf6 32. a5 bxa5 33. Bxa7 h5 34. Bb6 Bc3 35. Bd8+ Ke6 36. Kd3 Bb4 37. c3 Be7 38. Bxa5 Kf5 39. Bc7 Bh4 40. c4 Bg3 41. b4 g5 42. b5 cxb5 43. cxb5 gxf4 44. b6 Bf2 45. b7 Ba7 46. Kc4 h4 47. Kb5 h3 48. gxh3 f3 49. Bg3 Bb8 50. Bf2 Ke6 51. Kc6 Bh2 52. h4 Bf4 53. h5 Kf7 54. Kd5 Bb8 55. Ke4 Kf6 56. Kxf3 Kg5 57. Ke4 Kxh5 58. Kf5 Kh6 59. Ke6 Kg6 60. Kd7 Kf7 61. Bc5 1-0

[Event "Civil Service Ch 6th"]
[Site "Leeds"]
[Date "1996.??.??"]
[Round "4"]
[White "Pheby, Ian M"]
[Black "Charter, Mark R"]
[Result "1/2-1/2"]
[WhiteElo "1950"]
[BlackElo "2080"]
[PlyCount "56"]
[EventDate "1996.04.??"]
[EventType "swiss"]
[EventRounds "5"]
[EventCountry "ENG"]
[SourceTitle "BritBase"]
[Source "John Saunders"]
[SourceDate "2024.12.03"]
[SourceVersion "1"]
[SourceVersionDate "2024.12.03"]
[SourceQuality "1"]

1. e4 e6 2. d4 d5 3. Nd2 Nf6 4. e5 Nfd7 5. f4 c5 6. c3 Nc6 7. Ndf3 Qb6 8. g3 cxd4 9. cxd4 Bb4+ 10. Kf2 g5 11. fxg5 Ndxe5 12. Kg2 Nxf3 13. Nxf3 Bf8 14. b3 Bg7 15. Bb2 Bd7 16. Be2 O-O 17. h4 f6 18. Qd2 f5 19. Rad1 Qa5 20. Bc3 Qc7 21. Qf4 Rac8 22. Rc1 Qxf4 23. gxf4 a6 24. a4 a5 25. Bb5 b6 26. Kf2 Rc7 27. Ke3 Rfc8 28. Bd2 Nb8 1/2-1/2

[Event "Civil Service Ch 6th"]
[Site "Leeds"]
[Date "1996.??.??"]
[Round "4"]
[White "Bowering, Charles"]
[Black "Parkes, Jack C"]
[Result "1-0"]
[WhiteElo "1950"]
[BlackElo "1770"]
[PlyCount "120"]
[EventDate "1996.04.??"]
[EventType "swiss"]
[EventRounds "5"]
[EventCountry "ENG"]
[SourceTitle "BritBase"]
[Source "John Saunders"]
[SourceDate "2024.12.03"]
[SourceVersion "1"]
[SourceVersionDate "2024.12.03"]
[SourceQuality "1"]

1. d4 Nf6 2. Nc3 d5 3. Bg5 Bf5 4. e3 Nbd7 5. Bd3 Bxd3 6. cxd3 h6 7. Bh4 e6 8. Nf3 Be7 9. O-O c5 10. Re1 O-O 11. Rc1 Rc8 12. h3 Re8 13. Bg3 Qa5 14. a3 c4 15. e4 cxd3 16. e5 Nh7 17. Qxd3 a6 18. Bf4 b5 19. Bd2 Qb6 20. Rc2 Rc6 21. Rec1 Rec8 22. Na2 Rc4 23. Bc3 Ng5 24. Nd2 R4c7 25. f4 Nh7 26. Nb3 Qb7 27. Ba5 Nb6 28. Nc5 Qa7 29. Nb4 Rxc5 30. Bxb6 Qxb6 31. dxc5 Rxc5 32. Kh2 Rc4 33. Rxc4 bxc4 34. Qe2 Bxb4 35. axb4 Qxb4 36. Ra1 a5 37. Qf2 Nf8 38. Qd4 Nd7 39. Qc3 Qxc3 40. bxc3 Nc5 41. Rxa5 Ne4 42. Ra8+ Kh7 43. Ra3 f6 44. exf6 gxf6 45. g4 Kg6 46. Kg2 f5 47. Kf3 h5 48. g5 h4 49. Ke3 Ng3 50. Ra2 Ne4 51. Kd4 Nd6 52. Ra6 Nb5+ 53. Kc5 Nxc3 54. Rxe6+ Kf7 55. Re5 Kg6 56. Kd4 Nd1 57. Rxd5 Nf2 58. Rd6+ Kg7 59. Rh6 Nxh3 60. Rxh4 Nf2 {and White won} 1-0

[Event "Civil Service Ch 6th"]
[Site "Leeds"]
[Date "1996.??.??"]
[Round "4"]
[White "Clark, William G"]
[Black "Robson, Paul E"]
[Result "1/2-1/2"]
[WhiteElo "1910"]
[BlackElo "1850"]
[PlyCount "77"]
[EventDate "1996.04.??"]
[EventType "swiss"]
[EventRounds "5"]
[EventCountry "ENG"]
[SourceTitle "BritBase"]
[Source "John Saunders"]
[SourceDate "2024.12.03"]
[SourceVersion "1"]
[SourceVersionDate "2024.12.03"]
[SourceQuality "1"]

1. e4 g6 2. d4 c5 3. Nf3 cxd4 4. Nxd4 Bg7 5. Be3 Nc6 6. Qd2 Nf6 7. f3 O-O 8. Nc3 d5 9. O-O-O dxe4 10. Nxe4 Nxe4 11. fxe4 Nxd4 12. Bxd4 Bxd4 13. Qxd4 Be6 14. Bc4 Qxd4 15. Rxd4 Bxc4 16. Rxc4 Rac8 17. Rxc8 Rxc8 18. c3 Kg7 19. Rd1 Rc7 20. Kc2 Kf6 21. Rd4 e5 22. Rd5 Ke6 23. Kd3 f5 24. Rd8 Rd7+ 25. Rxd7 Kxd7 26. c4 f4 27. b4 g5 28. h3 h5 29. Ke2 g4 30. hxg4 hxg4 31. Kf2 Ke6 32. Ke2 Kf6 33. c5 Ke6 34. b5 Kd7 35. Kf2 Kc7 36. Ke2 a6 37. a4 Kb8 38. Kd3 Kc7 39. Ke2 1/2-1/2

[Event "Civil Service Ch 6th"]
[Site "Leeds"]
[Date "1996.??.??"]
[Round "4"]
[White "Archer, Richard P"]
[Black "Brocklehurst, Andrew"]
[Result "1/2-1/2"]
[WhiteElo "1905"]
[BlackElo "1865"]
[PlyCount "70"]
[EventDate "1996.04.??"]
[EventType "swiss"]
[EventRounds "5"]
[EventCountry "ENG"]
[SourceTitle "BritBase"]
[Source "John Saunders"]
[SourceDate "2024.12.03"]
[SourceVersion "1"]
[SourceVersionDate "2024.12.03"]
[SourceQuality "1"]

1. e4 c5 2. Nf3 Nc6 3. Bc4 e6 4. O-O g6 5. c3 Bg7 6. d3 a6 7. a4 Nge7 8. Nbd2 d5 9. exd5 exd5 10. Bb3 O-O 11. Re1 Bf5 12. Nf1 d4 13. cxd4 Nxd4 14. Nxd4 Bxd4 15. Bg5 Re8 16. Ne3 Qd7 17. Bxe7 Rxe7 18. Nxf5 Rxe1+ 19. Qxe1 Qxf5 20. Qd2 Re8 21. Rf1 Qe5 22. h3 Bxb2 23. Rb1 Bd4 24. Qa2 Qe2 25. Bxf7+ Kf8 26. Rf1 Qxa2 27. Bxa2 b5 28. axb5 axb5 29. Bb3 Re2 30. g4 Rd2 31. Rd1 Rxf2 32. Rf1 Rxf1+ 33. Kxf1 g5 34. Ke2 Ke7 35. Kf3 Kf6 1/2-1/2

[Event "Civil Service Ch 6th"]
[Site "Leeds"]
[Date "1996.??.??"]
[Round "4"]
[White "Portman, Carl S"]
[Black "O'Connor, Clifford M"]
[Result "0-1"]
[WhiteElo "1775"]
[BlackElo "2000"]
[PlyCount "152"]
[EventDate "1996.04.??"]
[EventType "swiss"]
[EventRounds "5"]
[EventCountry "ENG"]
[SourceTitle "BritBase"]
[Source "John Saunders"]
[SourceDate "2024.12.03"]
[SourceVersion "1"]
[SourceVersionDate "2024.12.03"]
[SourceQuality "1"]

1. d4 f5 2. g3 Nf6 3. Bg2 e6 4. Bg5 Be7 5. e3 O-O 6. Ne2 h6 7. Bxf6 Bxf6 8. c3 d5 9. Nd2 Nd7 10. Nf4 Qe8 11. Qh5 Qxh5 12. Nxh5 Be7 13. Nf4 Kf7 14. h4 g6 15. Nf3 Bd6 16. Nd3 Kf6 17. O-O-O c6 18. Nd2 e5 19. dxe5+ Nxe5 20. Nxe5 Bxe5 21. f4 Bc7 22. c4 dxc4 23. Nxc4 Be6 24. Nd6 Bxa2 25. e4 fxe4 26. Bxe4 Bd5 27. Bxd5 Bxd6 28. Bb3 Rad8 29. Rhe1 Bb4 30. Re6+ Kg7 31. Rxd8 Rxd8 32. Bc2 Rd6 33. Re7+ Kf6 34. Rxb7 Be1 35. Bb3 Kf5 36. Rf7+ Kg4 37. Bd1+ Kxg3 38. h5 Bd2+ 39. Kc2 Bxf4 40. hxg6 Rxg6 41. Rxa7 Rd6 42. Ra3+ Kg2 43. Rd3 Rf6 44. Rc3 Kf2 45. Bg4 Be5 46. Rc4 Rd6 47. Re4 Kg3 48. Be2 Bf4 49. Kc3 Rd5 50. Re6 Rc5+ 51. Bc4 h5 52. b4 Rf5 53. Rxc6 h4 54. Rc5 Be5+ 55. Kd3 Rf3+ 56. Ke2 Rf2+ 57. Kd3 Bf4 58. Rh5 h3 59. Bd5 Kg4 60. Rh7 h2 61. b5 Bg5 62. b6 Rd2+ 63. Kc4 Rxd5 64. Kxd5 Bh4 65. Rxh4+ Kxh4 66. Kc6 h1=Q+ 67. Kc7 Qh2+ 68. Kc8 Qh3+ 69. Kc7 Qc3+ 70. Kb8 Qe5+ 71. Kc8 Qc5+ 72. Kb7 Kg5 73. Ka6 Qa3+ 74. Kb7 Kf5 75. Kc6 Ke6 76. b7 Qd6+ 0-1

[Event "Civil Service Ch 6th"]
[Site "Leeds"]
[Date "1996.??.??"]
[Round "5"]
[White "Wolstencroft, Darryl"]
[Black "Ashby, Anthony C"]
[Result "1-0"]
[WhiteElo "2130"]
[BlackElo "2185"]
[PlyCount "109"]
[EventDate "1996.04.??"]
[EventType "swiss"]
[EventRounds "5"]
[EventCountry "ENG"]
[SourceTitle "BritBase"]
[Source "John Saunders"]
[SourceDate "2024.12.03"]
[SourceVersion "1"]
[SourceVersionDate "2024.12.03"]
[SourceQuality "1"]

1. c4 c6 2. e4 e5 3. g3 d5 4. exd5 cxd5 5. Bg2 d4 6. d3 Nc6 7. a3 a5 8. Ne2 Bg4 9. h3 Bf5 10. g4 Be6 11. Ng3 Nf6 12. Nd2 Be7 13. O-O O-O 14. Nde4 Nd7 15. f4 exf4 16. Rxf4 Nde5 17. Nf5 Ng6 18. Nxe7+ Qxe7 19. Rf2 Nce5 20. Ng5 Bc8 21. Qf1 Ra6 22. Bd2 f6 23. Bd5+ Kh8 24. Re1 Qd8 25. b4 axb4 26. Bxb4 Re8 27. Bf7 Bd7 28. Bxg6 hxg6 29. Rxe5 fxg5 30. Rxe8+ Bxe8 31. Rf8+ Kh7 32. Qe2 Qc7 33. Rxe8 Qg3+ 34. Qg2 Qxd3 35. h4 Rf6 36. hxg5 Rf3 37. Be1 Qxa3 38. Re2 Qf8 39. Qh1+ Kg8 40. Rf2 Rxf2 41. Bxf2 Qf4 42. Qd5+ Kh7 43. Qxd4 Qxg5 44. Kg2 Qe7 45. c5 Qf7 46. Qe5 Kg8 47. Bd4 Kh7 48. Kg3 Kg8 49. Qf4 Qd7 50. Kf3 Kh7 51. g5 Qd5+ 52. Ke3 Qd7 53. Qe5 Kg8 54. Kd3 Qf7 55. Kc3 1-0

[Event "Civil Service Ch 6th"]
[Site "Leeds"]
[Date "1996.??.??"]
[Round "5"]
[White "Phillips, Owen S"]
[Black "Brusey, Alan W"]
[Result "1/2-1/2"]
[WhiteElo "1975"]
[BlackElo "1985"]
[PlyCount "47"]
[EventDate "1996.04.??"]
[EventType "swiss"]
[EventRounds "5"]
[EventCountry "ENG"]
[SourceTitle "BritBase"]
[Source "John Saunders"]
[SourceDate "2024.12.03"]
[SourceVersion "1"]
[SourceVersionDate "2024.12.03"]
[SourceQuality "1"]

1. d4 d5 2. e3 Nf6 3. Bd3 Nc6 4. c3 e5 5. dxe5 Nxe5 6. Be2 Bd6 7. h3 O-O 8. Nd2 Bf5 9. Ndf3 c6 10. Nxe5 Bxe5 11. Nf3 Bc7 12. Nd4 Bg6 13. h4 h5 14. g4 hxg4 15. Bxg4 Nxg4 16. Qxg4 Re8 17. h5 Re4 18. Qh3 Bh7 19. f3 Re5 20. Rg1 Rg5 21. Rxg5 Qxg5 22. Ne2 Bf5 23. Qh1 Bd3 24. e4 1/2-1/2

[Event "Civil Service Ch 6th"]
[Site "Leeds"]
[Date "1996.??.??"]
[Round "5"]
[White "Bowering, Charles"]
[Black "Maxwell, Alistair"]
[Result "1/2-1/2"]
[WhiteElo "1950"]
[BlackElo "2050"]
[PlyCount "34"]
[EventDate "1996.04.??"]
[EventType "swiss"]
[EventRounds "5"]
[EventCountry "ENG"]
[SourceTitle "BritBase"]
[Source "John Saunders"]
[SourceDate "2024.12.03"]
[SourceVersion "1"]
[SourceVersionDate "2024.12.03"]
[SourceQuality "1"]

1. d4 Nf6 2. Nc3 d5 3. Bg5 e6 4. e4 Bb4 5. e5 h6 6. Bd2 Bxc3 7. bxc3 Ne4 8. Nf3 c5 9. Bd3 Nc6 10. Qe2 Nxd2 11. Qxd2 Qa5 12. dxc5 Qxc5 13. O-O a6 14. Rab1 b5 15. Rfe1 Bd7 16. Bf1 Rc8 17. a4 Na5 1/2-1/2

[Event "Civil Service Ch 6th"]
[Site "Leeds"]
[Date "1996.??.??"]
[Round "5"]
[White "Thurlow, Kevin J"]
[Black "Clark, William G"]
[Result "1-0"]
[WhiteElo "2135"]
[BlackElo "1910"]
[PlyCount "27"]
[EventDate "1996.04.??"]
[EventType "swiss"]
[EventRounds "5"]
[EventCountry "ENG"]
[SourceTitle "BritBase"]
[Source "John Saunders"]
[SourceDate "2024.12.03"]
[SourceVersion "1"]
[SourceVersionDate "2024.12.03"]
[SourceQuality "1"]

1. c4 Nf6 2. Nc3 e6 3. e4 d6 4. d4 Nbd7 5. f4 e5 6. Nf3 exd4 7. Qxd4 Nb6 8. Be3 Bg4 9. O-O-O Qe7 10. e5 Nfd7 11. exd6 Qxd6 12. Nb5 Qxd4 13. Rxd4 O-O-O 14. Ne5 (14. Ne5 {Resignation is slightly premature, but after} c5 15. Rd2 Nxe5 16. Nxa7+ Kc7 17. Nb5+ Kc8 18. fxe5 $16 {White has a big plus.}) 1-0

[Event "Civil Service Ch 6th"]
[Site "Leeds"]
[Date "1996.??.??"]
[Round "5"]
[White "Charter, Mark R"]
[Black "Archer, Richard P"]
[Result "1-0"]
[WhiteElo "2080"]
[BlackElo "1905"]
[PlyCount "85"]
[EventDate "1996.04.??"]
[EventType "swiss"]
[EventRounds "5"]
[EventCountry "ENG"]
[SourceTitle "BritBase"]
[Source "John Saunders"]
[SourceDate "2024.12.03"]
[SourceVersion "1"]
[SourceVersionDate "2024.12.03"]
[SourceQuality "1"]

1. d4 Nf6 2. e3 e6 3. Bd3 b6 4. Nf3 Bb7 5. O-O Be7 6. Nbd2 O-O 7. e4 c5 8. c3 Nc6 9. e5 Ne8 10. Ne4 d6 11. Neg5 g6 12. Qd2 Bxg5 13. Qxg5 Qxg5 14. Bxg5 cxd4 15. cxd4 dxe5 16. dxe5 Nb4 17. Be2 Nd5 18. Nd4 a6 19. Rac1 Rc8 20. Rxc8 Bxc8 21. Rc1 Bb7 22. Bf3 Nec7 23. Nc6 Bxc6 24. Rxc6 Kg7 25. b3 h6 26. Bc1 Rd8 27. a4 b5 28. Ba3 bxa4 29. bxa4 Rb8 30. h3 Rb6 31. Rc4 g5 32. Bd6 Ne8 33. Bc5 Rb1+ 34. Kh2 Nb6 35. Rd4 Nc7 36. Rd8 f5 37. Bxb6 Rxb6 38. Rd7+ Kg6 39. Rxc7 Rb4 40. Bc6 f4 41. Rb7 Rxb7 42. Bxb7 a5 43. Be4+ 1-0

[Event "Civil Service Ch 6th"]
[Site "Leeds"]
[Date "1996.??.??"]
[Round "5"]
[White "Robson, Paul E"]
[Black "Pheby, Ian M"]
[Result "1/2-1/2"]
[WhiteElo "1850"]
[BlackElo "1950"]
[PlyCount "27"]
[EventDate "1996.04.??"]
[EventType "swiss"]
[EventRounds "5"]
[EventCountry "ENG"]
[SourceTitle "BritBase"]
[Source "John Saunders"]
[SourceDate "2024.12.03"]
[SourceVersion "1"]
[SourceVersionDate "2024.12.03"]
[SourceQuality "1"]

1. e4 e6 2. d4 d5 3. Nd2 Nf6 4. e5 Nfd7 5. Bd3 c5 6. c3 Nc6 7. Ngf3 Qb6 8. O-O Be7 9. Re1 cxd4 10. cxd4 f5 11. exf6 Nxf6 12. Nb3 O-O 13. Bg5 Kh8 14. Rc1 1/2-1/2

[Event "Civil Service Ch 6th"]
[Site "Leeds"]
[Date "1996.??.??"]
[Round "5"]
[White "Brocklehurst, Andrew"]
[Black "Portman, Carl S"]
[Result "1/2-1/2"]
[WhiteElo "1865"]
[BlackElo "1775"]
[PlyCount "30"]
[EventDate "1996.04.??"]
[EventType "swiss"]
[EventRounds "5"]
[EventCountry "ENG"]
[SourceTitle "BritBase"]
[Source "John Saunders"]
[SourceDate "2024.12.03"]
[SourceVersion "1"]
[SourceVersionDate "2024.12.03"]
[SourceQuality "1"]

1. e4 c6 2. d4 d5 3. Nd2 dxe4 4. Nxe4 e6 5. Nf3 Nf6 6. Nxf6+ gxf6 7. Qd3 b6 8. Qe4 Qd5 9. Qf4 Nd7 10. c4 Qd6 11. Qxd6 Bxd6 12. Bd3 Bb7 13. Be3 O-O-O 14. O-O-O c5 15. d5 Ne5 1/2-1/2

[Event "Civil Service Ch 6th"]
[Site "Leeds"]
[Date "1996.??.??"]
[Round "5"]
[White "Parkes, Jack C"]
[Black "Millard, Ian"]
[Result "1-0"]
[WhiteElo "1770"]
[BlackElo "1760"]
[PlyCount "61"]
[EventDate "1996.04.??"]
[EventType "swiss"]
[EventRounds "5"]
[EventCountry "ENG"]
[SourceTitle "BritBase"]
[Source "John Saunders"]
[SourceDate "2024.12.03"]
[SourceVersion "1"]
[SourceVersionDate "2024.12.03"]
[SourceQuality "1"]

1. e4 e6 2. d4 d5 3. Nc3 Nf6 4. Bg5 Be7 5. Bxf6 Bxf6 6. Nf3 O-O 7. h4 c5 8. e5 Be7 9. Bd3 f5 10. exf6 Rxf6 11. Bxh7+ Kh8 12. Ng5 Qe8 13. h5 Rh6 14. Bg6 Qxg6 15. hxg6 Rxh1+ 16. Ke2 Rxd1 17. Nf7+ Kg8 18. Rxd1 Bf6 19. Rh1 Kf8 20. Rh8+ Ke7 21. Rxc8 a6 22. dxc5 Kd7 23. Rg8 Kc7 24. f4 Ra7 25. f5 Nc6 26. fxe6 Ne7 27. Re8 Kc6 28. Ne5+ Bxe5 29. Rxe7 Kxc5 30. Rd7 d4 31. e7 1-0